| 000 | 01234nam a2200301Ia 4500 | ||
|---|---|---|---|
| 005 | 20220317001106.0 | ||
| 008 | 160825s2008 ck a g 000 0 spa | ||
| 020 | _a97895820048012 | ||
| 082 | 0 | 4 |
_a372.868 _bE71a |
| 100 | 1 | _aEscobar Zamora, Cielo Patricia | |
| 245 | 1 | 0 |
_aA bailar Colombia! _b danzas para la educación básica _cCielo Patricia Escobar Zamora ; ilustrado por Sergio Arias |
| 250 | _a2a edición | ||
| 300 |
_a151 páginas _bilustraciones _c24 cm |
||
| 490 | _aArtísticamente | ||
| 500 | _aIncluye bibliografía | ||
| 505 | _aDesarrollo del niño escolar -- Clasificación del folclor -- Aspectos pedagógicos de la danza -- A bailar Colombia!: Danzas de la Región Andina -- Danzas de la Costa Pacífica -- Danzas de la Costa Atlántica | ||
| 650 | 1 | 4 |
_2LEMB _aDanzas _xEnseñanzas |
| 650 | 1 | 4 |
_2LEMB _aFolclor _zColombia |
| 650 | 1 | 4 |
_2LEMB _aMúsica folclórica colombiana. |
| 650 | 1 | 4 |
_2LEMB _aDanzas populares y nacionales colombianas |
| 700 | 1 |
_aArias, Sergio _965636 |
|
| 942 |
_2ddc _cBK |
||
| 264 |
_aBogotá _bMagisterio _c2008 |
||
| 336 |
_atexto _btxt _2rdacontent |
||
| 337 |
_asin mediación _bn _2rdamedia |
||
| 338 |
_avolumen _bnc _2rdacarrier |
||
| 040 |
_aCO-BoRNBP _bspa _erda _cCO-BoRNBP |
||
| 999 |
_c5898 _d5898 |
||